| 000 | 00921nam a2200229Ii 4500 | ||
|---|---|---|---|
| 003 | JO-AjNU | ||
| 008 | 230605s9999||||xx |||||||||||||| ||und|| | ||
| 017 | _a2009/2143 | ||
| 020 | _a978-977-04-5929-2 | ||
| 040 |
_aJO-AjNU _bara _erda _cJO-AjNU |
||
| 041 | _aara | ||
| 050 | 1 | 4 | _aKMM1453.2009 |
| 100 | 3 |
_aزمزم ، عبد المنعم , _eauthor _932489 |
|
| 245 | 0 | 0 | _aقانون التحكيم الإلكتروني : دراسة مقارنة لقواعد جمعية التحكيم الأمريكية وتنظيم محكمة الفضاء في ضوء المبادئ العامة للتحكيم التقليدي |
| 250 | _a(د،ط) | ||
| 264 | 3 | 1 | _aالقاهرة : دار النهضة العربية ، 2009 |
| 300 | _a487ص | ||
| 336 |
_atext _btxt _2rdacontent |
||
| 337 |
_aunmediated _bn _2rdamedia |
||
| 338 |
_avolume _bnc _2rdacarrier |
||
| 650 | 4 |
_aقانون التحكيم الإلكتروني _932490 |
|
| 999 |
_aA13122 _c16690 _d16690 |
||